| 000 | 01606nam a2200373 a 4500 | ||
|---|---|---|---|
| 999 |
_c529617 _d529617 |
||
| 001 | 2980832 | ||
| 003 | NUST | ||
| 005 | 20190930100730.0 | ||
| 008 | 920207s1992 dcua b 000 0 eng | ||
| 010 | _a 92080237 | ||
| 020 |
_a0309053048 : _c$9.00 |
||
| 038 | _aMSOHAIL | ||
| 040 |
_aDLC _cDLC |
||
| 043 | _an-us--- | ||
| 050 | 0 | 0 |
_aHE336.E94 _bD83 1992 |
| 082 | _a0 | ||
| 100 | 1 |
_aDudek, Conrad L. _921957 |
|
| 245 | 1 | 0 |
_aFreeway corridor management / _cConrad L. Dudek, Gerald L. Ullman. |
| 260 |
_aWashington, D.C. : _bTransportation Research Board, National Research Council, _c[1992] |
||
| 300 |
_a64 p. : _bill. ; _c28 cm. |
||
| 490 | 1 |
_aNational Cooperative Highway Research Program synthesis of highway practice, _x0547-5570 ; _v177 |
|
| 500 | _a"Research sponsored by the American Association of State Highway and Transportation Officials in cooperation with the Federal Highway Administration." | ||
| 500 | _a"March 1992." | ||
| 504 | _aIncludes bibliographical references (p. 59-64). | ||
| 650 | 0 |
_aExpress highways _zUnited States _xManagement. _921958 |
|
| 650 | 0 |
_aTraffic engineering _zUnited States. _918350 |
|
| 700 | 1 |
_aUllman, Gerald L. _921959 |
|
| 710 | 2 |
_aAmerican Association of State Highway and Transportation Officials. _919553 |
|
| 710 | 1 |
_aUnited States. _bFederal Highway Administration. _920149 |
|
| 830 | 0 |
_aSynthesis of highway practice ; _v177. _921960 |
|
| 906 |
_a7 _bcbc _corignew _d2 _eopcn _f19 _gy-gencatlg |
||
| 942 |
_2ddc _cBK |
||